Statistics for UFC Women's Pound-for-Pound Rankings 2021

Click here to take the quiz!

General Stats

  • This quiz has been taken 28 times
  • The average score is 8 of 15

Answer Stats

RankWeightclassFighterCountry% Correct
1Bantamweight
Featherweight
Amanda NunesBrazil
100%
2FlyweightValentina ShevchenkoKyrgyzstan
88%
6BantamweightHolly HolmUSA
83%
4StrawweightWeili ZhangChina
83%
3StrawweightRose NamajunasUSA
75%
5Flyweight
Strawweight
Jessica AndradeBrazil
71%
12BantamweightJulianna PeñaUSA
63%
8StrawweightCarla EsparzaUSA
54%
7BantamweightGermaine De RandamieNetherlands
42%
13FlyweightLauren MurphyUSA
29%
11StrawweightYan XiaonanChina
29%
10StrawweightMarina RodriguezBrazil
25%
14FeatherweightAspen LaddUSA
21%
9FlyweightKatlyn ChookagianUSA
21%
15StrawweightMackenize DernUSA
17%

Score Distribution

Percentile by Number Answered

Percent of People with Each Score

Your Score History

You have not taken this quiz